000 00608npm a2200145 4500
003 OSt
005 20250405160000.0
008 250325b |||||||| |||| 00| 0 fre d
040 _cautismepaimpol.fr
245 _aSablier en sable coloré
246 _aécoulement de 5 mn
500 _aRegarder s'écouler le sable peut-être particulièrement fascinant. Cela peut stimuler un besoin sensoriel tout en aidant à évaluer les durées.
520 _aIl fait office de timer (aide à comprendre et accepter l'écoulement d'un temps en s'appuyant sur la force visuelle de la personne autiste).
942 _cMATSENS
999 _c154
_d154